Le omosessualità /

সংরক্ষণ করুন:
গ্রন্থ-পঞ্জীর বিবরন
অন্যান্য লেখক: Althaus-Reid, Marcella
বিন্যাস: গ্রন্থ
ভাষা:ইতালিয়
প্রকাশিত: Brescia : Queriniana, 2008
ট্যাগগুলো: ট্যাগ যুক্ত করুন
কোনো ট্যাগ নেই, প্রথমজন হিসাবে ট্যাগ করুন!

MARC

LEADER 00000nam a22000007ib4500
001 IT\ICCU\MOD\1528846
003 ItRI
005 20260115232425.0
008 090304s2008 it |||||| ||||| |||||c
040 |b ita  |c importazione bologna sebina 
041 7 |a ita  |2 ISO-639-2 
245 0 3 |a Le omosessualità /  |c Marcella M. Althaus-Reid [et al.] edd. 
260 |a Brescia :  |b Queriniana,  |c 2008 
300 |a 203 p. ;  |c 20 cm. 
500 |a Anno 44, fasc. 1(2008)  |9 IT\ICCU\RAV\0099372 
700 1 |a Althaus-Reid, Marcella  |0 IT\ICCU\RMSV\055607 
773 1 |w IT\ICCU\RAV\0099372  |t Concilium 
790 1 |a Althaus-Reid, Marcella María  |3 IT\ICCU\UBOV\370780  |z Althaus-Reid, Marcella 
942 |2 ddc  |c BK  |n 0 
952 |0 0  |1 0  |4 0  |6 DOC_261_835000000000000_ALT  |7 0  |9 25534  |a BO  |b BO  |d 2026-01-15  |i 12823  |l 0  |o DOC 261.835 ALT  |p BO12823  |r 2026-01-15 23:24:25  |w 2026-01-15  |x [Sebina 5] [1 v.]  |y BK  |z 1 v. 
952 |0 0  |1 0  |4 0  |6 DOC_261_835000000000000_ALT  |7 0  |9 25535  |a BO  |b BO  |d 2026-01-15  |i 15110  |l 0  |o DOC 261.835 ALT  |p BO15110  |r 2026-01-15 23:24:25  |w 2026-01-15  |x [Sebina 5] [1 v.]  |y BK  |z 1 v. (2. copia) 
999 |c 21674  |d 21674